000
00267nam a2200109Ia 4500
008
190216s9999||||xx |||||||||||||| ||und||
100
_a
Vijayan M N
245
0
_a
Chithayile Velicham
260
_b
Poorna Pubs Kozhikode
_c
2004
650
_a
Essay Malayalam
942
_c
BK
999
_c
25612
_d
25612